各声母最西端的县级行政区 - Statistics

General Stats
  • This quiz has been taken 4 times
  • The average score is 75 of 120
Answer Stats
声母 经度 省级行政区 地级行政区 县级行政区 % Correct
b 82°E 新疆维吾尔自治区 博尔塔拉蒙古自治州 博乐市
100%
b 82.9°E 新疆维吾尔自治区 (直辖) 白杨市
100%
b 85.1°E 新疆维吾尔自治区 克拉玛依市 白碱滩区
100%
p 102.1°E 青海省 海东市 平安区
100%
m 82.7°E 新疆维吾尔自治区 和田地区 民丰县
100%
f 88°E 新疆维吾尔自治区 昌吉回族自治州 阜康市
100%
f 89.5°E 新疆维吾尔自治区 阿勒泰地区 富蕴县
100%
d 88.3°E 新疆维吾尔自治区 乌鲁木齐市 达坂城区
100%
q 85.5°E 新疆维吾尔自治区 巴音郭楞蒙古自治州 且末县
100%
q 89.6°E 新疆维吾尔自治区 昌吉回族自治州 奇台县
100%
q 90.4°E 新疆维吾尔自治区 阿勒泰地区 青河县
100%
ch 87.3°E 新疆维吾尔自治区 昌吉回族自治州 昌吉市
100%
sh 82.4°E 新疆维吾尔自治区 (直辖) 双河市
100%
r 79.7°E 西藏自治区 阿里地区 日土县
100%
r 88.2°E 新疆维吾尔自治区 巴音郭楞蒙古自治州 若羌县
100%
b 78.5°E 新疆维吾尔自治区 喀什地区 巴楚县
75%
b 81.8°E 新疆维吾尔自治区 阿克苏地区 拜城县
75%
p 78.3°E 新疆维吾尔自治区 和田地区 皮山县
75%
m 79.7°E 新疆维吾尔自治区 和田地区 墨玉县
75%
m 86.2°E 新疆维吾尔自治区 昌吉回族自治州 玛纳斯县
75%
m 87.7°E 新疆维吾尔自治区 乌鲁木齐市 米东区
75%
f 87.5°E 新疆维吾尔自治区 阿勒泰地区 福海县
75%
d 84.9°E 新疆维吾尔自治区 克拉玛依市 独山子区
75%
d 87.1°E 西藏自治区 日喀则市 定日县
75%
d 91°E 西藏自治区 拉萨市 堆龙德庆区
75%
t 75.2°E 新疆维吾尔自治区 喀什地区 塔什库尔干塔吉克自治县
75%
t 79.1°E 新疆维吾尔自治区 (直辖) 图木舒克市
75%
t 81.8°E 新疆维吾尔自治区 伊犁哈萨克自治州 特克斯县
75%
t 83°E 新疆维吾尔自治区 塔城地区 塔城市
75%
n 82.5°E 新疆维吾尔自治区 伊犁哈萨克自治州 尼勒克县
75%
n 90.2°E 西藏自治区 拉萨市 尼木县
75%
l 80.2°E 新疆维吾尔自治区 和田地区 洛浦县
75%
l 84.2°E 新疆维吾尔自治区 巴音郭楞蒙古自治州 轮台县
75%
g 80.1°E 西藏自治区 阿里地区 噶尔县
75%
k 76°E 新疆维吾尔自治区 喀什地区 喀什市
75%
k 79.3°E 新疆维吾尔自治区 (直辖) 昆玉市
75%
k 81°E 新疆维吾尔自治区 (直辖) 可克达拉市
75%
h 79.9°E 新疆维吾尔自治区 和田地区 和田市
75%
h 79.9°E 新疆维吾尔自治区 和田地区 和田县
75%
h 80.4°E 新疆维吾尔自治区 伊犁哈萨克自治州 霍尔果斯市
75%
j 76.7°E 新疆维吾尔自治区 喀什地区 伽师县
75%
j 82.9°E 新疆维吾尔自治区 博尔塔拉蒙古自治州 精河县
75%
j 85.9°E 新疆维吾尔自治区 阿勒泰地区 吉木乃县
75%
j 89.2°E 新疆维吾尔自治区 昌吉回族自治州 吉木萨尔县
75%
q 90.7°E 西藏自治区 拉萨市 曲水县
75%
x 83.2°E 新疆维吾尔自治区 伊犁哈萨克自治州 新源县
75%
x 87.6°E 新疆维吾尔自治区 乌鲁木齐市 新市区
75%
x 93.7°E 新疆维吾尔自治区 (直辖) 新星市
75%
ch 81.1°E 新疆维吾尔自治区 伊犁哈萨克自治州 察布查尔锡伯自治县
75%
sh 75.9°E 新疆维吾尔自治区 喀什地区 疏附县
75%
sh 76°E 新疆维吾尔自治区 喀什地区 疏勒县
75%
z 77.3°E 新疆维吾尔自治区 喀什地区 泽普县
75%
z 104.8°E 四川省 自贡市 自流井区
75%
c 80.8°E 新疆维吾尔自治区 和田地区 策勒县
75%
c 85.2°E 西藏自治区 阿里地区 措勤县
75%
c 92°E 西藏自治区 山南市 错那市
75%
c 99.2°E 云南省 临沧市 沧源佤族自治县
75%
y 76.2°E 新疆维吾尔自治区 喀什地区 英吉沙县
75%
y 77.4°E 新疆维吾尔自治区 喀什地区 叶城县
75%
y 81.3°E 新疆维吾尔自治区 伊犁哈萨克自治州 伊宁市
75%
y 81.5°E 新疆维吾尔自治区 伊犁哈萨克自治州 伊宁县
75%
w 75.3°E 新疆维吾尔自治区 克孜勒苏柯尔克孜自治州 乌恰县
75%
w 79.2°E 新疆维吾尔自治区 阿克苏地区 乌什县
75%
w 84.7°E 新疆维吾尔自治区 塔城地区 乌苏市
75%
韵母 75.9°E 新疆维吾尔自治区 克孜勒苏柯尔克孜自治州 阿克陶县
75%
韵母 76.2°E 新疆维吾尔自治区 克孜勒苏柯尔克孜自治州 阿图什市
75%
韵母 80.3°E 新疆维吾尔自治区 阿克苏地区 阿克苏市
75%
韵母 80.4°E 新疆维吾尔自治区 阿克苏地区 阿瓦提县
75%
p 81.2°E 西藏自治区 阿里地区 普兰县
50%
m 77.6°E 新疆维吾尔自治区 喀什地区 麦盖提县
50%
n 86°E 西藏自治区 日喀则市 聂拉木县
50%
n 89.1°E 西藏自治区 日喀则市 南木林县
50%
l 90.4°E 西藏自治区 山南市 浪卡子县
50%
g 81.1°E 西藏自治区 阿里地区 革吉县
50%
g 82.2°E 新疆维吾尔自治区 伊犁哈萨克自治州 巩留县
50%
g 84.1°E 西藏自治区 阿里地区 改则县
50%
k 79.1°E 新疆维吾尔自治区 阿克苏地区 柯坪县
50%
k 83°E 新疆维吾尔自治区 阿克苏地区 库车市
50%
h 78°E 新疆维吾尔自治区 和田地区 和康县
50%
h 79.1°E 新疆维吾尔自治区 和田地区 和安县
50%
x 82.6°E 新疆维吾尔自治区 阿克苏地区 新和县
50%
zh 79.8°E 西藏自治区 阿里地区 札达县
50%
zh 81.1°E 新疆维吾尔自治区 伊犁哈萨克自治州 昭苏县
50%
zh 84°E 西藏自治区 日喀则市 仲巴县
50%
zh 91.3°E 西藏自治区 山南市 扎囊县
50%
zh 95.6°E 青海省 玉树藏族自治州 治多县
50%
ch 91.1°E 西藏自治区 拉萨市 城关区
50%
ch 97.1°E 青海省 玉树藏族自治州 称多县
50%
sh 77.2°E 新疆维吾尔自治区 喀什地区 莎车县
50%
sh 82.8°E 新疆维吾尔自治区 阿克苏地区 沙雅县
50%
z 95.3°E 青海省 玉树藏族自治州 杂多县
50%
c 91.4°E 西藏自治区 山南市 措美县
50%
s 85.2°E 西藏自治区 日喀则市 萨嘎县
50%
s 88°E 西藏自治区 日喀则市 萨迦县
50%
s 92.1°E 西藏自治区 那曲市 色尼区
50%
y 76.8°E 新疆维吾尔自治区 喀什地区 岳普湖县
50%
w 80.2°E 新疆维吾尔自治区 阿克苏地区 温宿县
50%
w 81°E 新疆维吾尔自治区 博尔塔拉蒙古自治州 温泉县
50%
韵母 78.4°E 新疆维吾尔自治区 克孜勒苏柯尔克孜自治州 阿合奇县
50%
p 102.5°E 四川省 凉山彝族自治州 普格县
25%
p 102.8°E 云南省 昆明市 盘龙区
25%
f 98.9°E 云南省 怒江傈僳族自治州 福贡县
25%
f 99.9°E 云南省 临沧市 凤庆县
25%
d 87.8°E 西藏自治区 日喀则市 定结县
25%
t 83.6°E 新疆维吾尔自治区 塔城地区 托里县
25%
n 87.2°E 西藏自治区 那曲市 尼玛县
25%
l 87.6°E 西藏自治区 日喀则市 拉孜县
25%
l 90.9°E 西藏自治区 山南市 洛扎县
25%
g 88.5°E 西藏自治区 日喀则市 岗巴县
25%
j 85.3°E 西藏自治区 日喀则市 吉隆县
25%
q 91.7°E 西藏自治区 山南市 琼结县
25%
x 88.3°E 西藏自治区 日喀则市 谢通门县
25%
ch 97.5°E 西藏自治区 林芝市 察隅县
25%
r 97.9°E 云南省 德宏傣族景颇族自治州 瑞丽市
25%
r 101°E 四川省 阿坝藏族羌族自治州 壤塘县
25%
z 97.8°E 西藏自治区 昌都市 左贡县
25%
z 101.5°E 青海省 黄南藏族自治州 泽库县
25%
s 88.9°E 西藏自治区 日喀则市 桑珠孜区
25%
s 92°E 西藏自治区 山南市 桑日县
25%
r 89.8°E 西藏自治区 日喀则市 仁布县
0%
No matching quizzes found
Score Distribution
Percent of People with Each Score
Percentile by Number Answered
Your Score History
You have not taken this quiz